[Event "WJCC 2001"]
[Site "?"]
[Date "2001.??.??"]
[Round "12"]
[White "Jurkiewicz, K."]
[Black "Aarthie, R."]
[Result "0-1"]
[WhiteElo "2217"]
[BlackElo "2249"]
[Annotator "G 12.13"]
[PlyCount "78"]
[EventDate "2001.??.??"]

1. e4 c5 2. Nf3 Nc6 3. d4 cxd4 4. Nxd4 Nf6 5. Nc3 e5 6. Ndb5 d6 7. Bg5 a6 8.
Na3 b5 9. Nd5 Be7 10. Bxf6 Bxf6 11. c3 Ne7 12. Nxf6+ gxf6 13. Qd2 Bb7 14. O-O-O
Bxe4 15. Qxd6 Qxd6 16. Rxd6 Nc6 17. f3 Ke7 18. Rd2 Bg6 19. Nc2 Rad8 20. Be2
Rxd2 21. Kxd2 Rd8+ 22. Kc1 Rc8 23. a4 Na5 24. Rd1 h5 25. Rd5 Nb3+ 26. Kd1 Bxc2+
27. Kxc2 Nd4+ 28. Kd2 Ke6 29. Rxd4 exd4 30. cxd4 Kd5 31. axb5 axb5 32. Bxb5 Rb8
33. Ba4 Rxb2+ 34. Ke3 Rxg2 35. h3 Kd6 36. Bb5 Rh2 37. Bf1 Kd5 38. f4 f5 39. Kf3
h4 0-1

[Event "WJCC 2001"]
[Site "?"]
[Date "2001.??.??"]
[Round "12"]
[White "Sanchez Castillo, S."]
[Black "Hryhorenko, N."]
[Result "0-1"]
[WhiteElo "2108"]
[BlackElo "2236"]
[Annotator "G 12.14"]
[PlyCount "150"]
[EventDate "2001.??.??"]

1. e4 e6 2. d4 d5 3. Nc3 Bb4 4. exd5 exd5 5. Bd3 Nf6 6. a3 Be7 7. Nce2 O-O 8.
h3 c5 9. dxc5 Bxc5 10. b4 Bb6 11. Nf3 h6 12. O-O Nc6 13. Bb2 Re8 14. Qb1 Be6
15. Rd1 Qe7 16. Ned4 Ne4 17. c3 Nxd4 18. Nxd4 Qh4 19. Rf1 Nd2 20. Qc2 Nxf1 21.
Rxf1 Bxd4 22. cxd4 Rac8 23. Qd1 Qf6 24. Qh5 Qg5 25. Qf3 Qd2 26. Rb1 Bd7 27. Kh2
Ba4 28. Bf5 Rcd8 29. Bc3 Qe2 30. Qg3 Qh5 31. Bd3 Rc8 32. Bd2 Bc2 33. Rc1 Bxd3
34. Qxd3 Rxc1 35. Bxc1 Qe2 36. Qg3 Re6 37. Be3 Kh7 38. Qf4 Qh5 39. Qc7 Ra6 40.
Qxb7 Rxa3 41. g4 Qg6 42. Qxd5 Ra1 43. b5 h5 44. Qf3 Qb1 45. Kg3 hxg4 46. Qxf7
Qxb5 47. hxg4 Rg1+ 48. Kf3 a5 49. d5 Rd1 50. Qf5+ Kg8 51. Qe6+ Kf8 52. Qc8+ Qe8
53. Qc5+ Kg8 54. Qxa5 Qf7+ 55. Kg2 Rxd5 56. Qa8+ Kh7 57. Qc6 Rd8 58. Qf3 Qe6
59. g5 Kg6 60. Qh3 Qxh3+ 61. Kxh3 Kf5 62. Kg3 Ke4 63. Kg4 g6 64. Bf4 Rd3 65.
Bb8 Rf3 66. Bg3 Rf5 67. f4 Rf8 68. Bh2 Ra8 69. Bg1 Ra2 70. Kg3 Ra3+ 71. Kg4 Rf3
72. Bh2 Rf1 73. Bg3 Rg1 74. Kh3 Kf3 75. Bh2 Rg4 0-1

[Event "WJCC 2001"]
[Site "?"]
[Date "2001.??.??"]
[Round "12"]
[White "Papadopoulou, V."]
[Black "Buckley, M."]
[Result "1/2-1/2"]
[WhiteElo "2193"]
[BlackElo "2118"]
[Annotator "G 12.16"]
[PlyCount "145"]
[EventDate "2001.??.??"]

1. Nf3 Nf6 2. c4 e6 3. g3 d5 4. Bg2 Be7 5. O-O O-O 6. b3 c5 7. Bb2 Nc6 8. e3 b6
9. Nc3 Ba6 10. Nb5 Rc8 11. Qe2 Qd7 12. Rfd1 Rfd8 13. d4 cxd4 14. exd4 Bxb5 15.
cxb5 Nb8 16. Ne5 Qb7 17. Rdc1 Rxc1+ 18. Rxc1 Rc8 19. Rc2 Rc7 20. f3 Qc8 21.
Rxc7 Qxc7 22. a3 Nfd7 23. Ng4 Nf6 24. Ne5 Nfd7 25. Ng4 Nf6 26. Nf2 Nbd7 27. Nd3
Ne8 28. Kf2 Nef6 29. Bh3 Bd6 30. Bf1 Kf8 31. Ke1 Ne8 32. Kd1 Qc8 33. Ne1 Qc7
34. Nd3 Qc8 35. Qe1 Qc7 36. a4 Kg8 37. Bc3 Nb8 38. Bb4 Bxb4 39. Nxb4 Kf8 40.
Bd3 h6 41. Bc2 Nd6 42. Qd2 Ke7 43. Kc1 Kf8 44. Kb2 Ke7 45. Qd3 Kd8 46. Qh7 Ne8
47. Nd3 Nd7 48. Nb4 Nb8 49. Qd3 Nd6 50. Qe3 Ne8 51. Qe1 Nf6 52. Qe2 Ne8 53. f4
g6 54. Qe5 Qxe5 55. fxe5 Kd7 56. Kc3 Ng7 57. Kd2 Ne8 58. Ke3 Ng7 59. Kf4 Nh5+
60. Kf3 Ng7 61. g4 Ne8 62. h3 Ng7 63. h4 Ne8 64. h5 g5 65. Bh7 Nc7 66. Bd3 Ke7
67. Ke3 Kd7 68. Kd2 Ke7 69. Kc2 Kd7 70. Kc3 Ke7 71. Be2 Kd7 72. Bd3 Ke7 73. Be2
1/2-1/2

[Event "WJCC 2001"]
[Site "?"]
[Date "2001.??.??"]
[Round "13"]
[White "Phiri, J."]
[Black "Sebbar, A."]
[Result "1-0"]
[WhiteElo "2093"]
[BlackElo "2000"]
[Annotator "B 13.40"]
[PlyCount "81"]
[EventDate "2001.??.??"]

1. e4 c5 2. Nf3 Nc6 3. d3 g6 4. g3 Bg7 5. Bg2 d6 6. O-O e5 7. Nc3 Nge7 8. Be3
Bg4 9. h3 Be6 10. Qd2 h6 11. Nh2 Qd7 12. h4 Bh3 13. a3 g5 14. h5 Bxg2 15. Kxg2
f5 16. exf5 Nxf5 17. Ne4 b6 18. c4 Ncd4 19. Qd1 a5 20. Bxd4 Nxd4 21. Qg4 Qe7
22. Nf3 Ne6 23. Nc3 O-O 24. Nd5 Qd7 25. Qe4 Qf7 26. Qg4 Qd7 27. Qe4 Qf7 28. Qg4
Qd7 29. Nxb6 Nf4+ 30. Qxf4 Qb7 31. Qe4 Qxb6 32. Rab1 Rf6 33. Qxa8+ Rf8 34. Qe4
Qc7 35. b4 d5 36. Qxd5+ Kh8 37. bxc5 Rd8 38. Rb7 Qc8 39. Qf7 Rg8 40. Rfb1 g4
41. Nxe5 1-0

[Event "WJCC 2001"]
[Site "?"]
[Date "2001.??.??"]
[Round "13"]
[White "Charkhalashvili, I."]
[Black "Gu, X."]
[Result "0-1"]
[WhiteElo "2278"]
[BlackElo "2300"]
[Annotator "G 13.2"]
[PlyCount "86"]
[EventDate "2001.??.??"]

1. d4 Nf6 2. Nf3 c5 3. d5 b5 4. e3 Bb7 5. c4 d6 6. Nc3 bxc4 7. Bxc4 Nbd7 8. O-O
g6 9. Qe2 Bg7 10. e4 O-O 11. Rb1 Nb6 12. Bd3 Ne8 13. Bd2 Nc7 14. b4 cxb4 15.
Rxb4 e6 16. dxe6 Nxe6 17. Nb5 Re8 18. Bc3 a5 19. Rbb1 Nf4 20. Qd2 Nxd3 21. Bxg7
Bxe4 22. Ba1 Ne5 23. Nxd6 Bxf3 24. Rfe1 f6 25. Qd4 Nbc4 26. Nxe8 Qxe8 27. Qf4
Qc6 28. Rec1 Be4 29. Rb3 Nd3 30. Rb8+ Rxb8 31. Qxb8+ Kg7 32. Qa7+ Kh6 33. Rd1
Nf4 34. f3 Bxf3 35. Rd7 Qe6 36. Rxh7+ Kg5 37. Qc5+ Bd5 38. Qf2 Bxg2 39. Qh4+
Kf5 40. Qf2 Qe4 41. Qc5+ Kg4 42. h3+ Nxh3+ 43. Rxh3 Bxh3 0-1

[Event "WJCC 2001"]
[Site "?"]
[Date "2001.??.??"]
[Round "13"]
[White "Khukhashvili, S."]
[Black "Meenakshi, S."]
[Result "1/2-1/2"]
[WhiteElo "2295"]
[BlackElo "2245"]
[Annotator "G 13.6"]
[PlyCount "85"]
[EventDate "2001.??.??"]

1. e4 e5 2. Nf3 Nf6 3. Nxe5 d6 4. Nf3 Nxe4 5. Nc3 Nxc3 6. dxc3 Be7 7. Be3 Nc6
8. Qd2 Bf5 9. Be2 Qd7 10. h3 a6 11. O-O-O O-O-O 12. Nd4 Bg6 13. Bg4 f5 14. Bf3
Ne5 15. Bd5 Bf7 16. Bxf7 Nxf7 17. Qd3 g6 18. f4 Bf6 19. Rhg1 Rhe8 20. g4 Re4
21. gxf5 gxf5 22. Nb3 Qe6 23. Bd2 c5 24. Qf3 c4 25. Nd4 Bxd4 26. cxd4 Rxd4 27.
Rg7 h6 28. Qh5 Rd7 29. Rg6 Qe4 30. Rf6 c3 31. bxc3 Ra4 32. Qxf5 Qc4 33. Qe6
Qxe6 34. Rxe6 Rxa2 35. Kb1 Ra5 36. Rg1 Rb5+ 37. Kc1 Kc7 38. Rf6 a5 39. Rg7 Nd8
40. Rg3 Rh5 41. Kb2 Rf7 42. Rfg6 Kd7 43. c4 1/2-1/2

[Event "WJCC 2001"]
[Site "?"]
[Date "2001.??.??"]
[Round "13"]
[White "Jackova, J."]
[Black "Reizniece, D."]
[Result "1-0"]
[WhiteElo "2350"]
[BlackElo "2312"]
[Annotator "G 13.9"]
[PlyCount "131"]
[EventDate "2001.??.??"]

1. e4 d6 2. d4 Nf6 3. Nc3 g6 4. Nf3 Bg7 5. Bf4 O-O 6. Qd2 c6 7. h3 b5 8. Bd3
Nbd7 9. O-O e5 10. Bh6 Bb7 11. Bxg7 Kxg7 12. b4 a5 13. a3 axb4 14. axb4 Qe7 15.
d5 cxd5 16. exd5 Nxd5 17. Be4 Rxa1 18. Rxa1 Nxc3 19. Bxb7 Nf6 20. Bc6 Qc7 21.
Qxc3 Ne4 22. Ra7 Qc8 23. Qe3 Qxc6 24. Nd2 Nf6 25. Qb3 d5 26. Nf3 e4 27. Nd4 Qd6
28. Qe3 h6 29. c3 Rb8 30. Ra5 Qd7 31. Ra6 Qb7 {#} 32. Ne6+ fxe6 33. Ra7 Nd7 34.
Rxb7 Rxb7 35. f3 Nf6 36. Qc5 exf3 37. gxf3 e5 38. Qc6 Rd7 39. Qxb5 d4 40. Qd3
Nd5 41. cxd4 Nf6 42. b5 exd4 43. b6 Rd6 44. Qa3 Rd7 45. Kf2 d3 46. Ke1 d2+ 47.
Kd1 Nd5 48. Qd3 Nxb6 49. Qc3+ Kf7 50. Qc6 Rd5 51. Qxb6 Rf5 52. Qc6 Rf6 53. Qb7+
Ke6 54. Kxd2 Rf5 55. Ke3 Kf6 56. Qc7 Rh5 57. Kf4 Rf5+ 58. Ke4 Rh5 59. Qd6+ Kf7
60. Qc6 Rg5 61. Qd6 Rh5 62. f4 Kg7 63. Qe7+ Kg8 64. Qf6 Kh7 65. Qf7+ Kh8 66.
Qxg6 1-0

[Event "WJCC 2001"]
[Site "?"]
[Date "2001.??.??"]
[Round "13"]
[White "Mitrovic, B."]
[Black "Sanchez, S."]
[Result "1-0"]
[WhiteElo "2000"]
[BlackElo "2125"]
[Annotator "G 13.18"]
[PlyCount "37"]
[EventDate "2001.??.??"]

1. Nf3 e6 2. g3 d5 3. d4 c5 4. Bg2 Nc6 5. O-O Nf6 6. c4 dxc4 7. Ne5 Bd7 8. Nxc6
Bxc6 9. Bxc6+ bxc6 10. Qa4 Qb6 11. dxc5 Bxc5 12. Qxc4 Rd8 13. Nd2 Rd4 14. Qc2
Qb5 15. a4 Qb4 16. Ra3 O-O 17. Rb3 Qxa4 18. Qxc5 Rxd2 19. Rb4 1-0

[Event "WJCC 2001"]
[Site "?"]
[Date "2001.??.??"]
[Round "13"]
[White "Papp, J."]
[Black "Penas, H."]
[Result "1-0"]
[WhiteElo "2121"]
[BlackElo "2000"]
[Annotator "G 13.22"]
[PlyCount "79"]
[EventDate "2001.??.??"]

1. e4 e5 2. Nf3 Nc6 3. Bb5 a6 4. Ba4 Nf6 5. Qe2 d6 6. c3 g6 7. O-O Bg7 8. d4 b5
9. Bb3 O-O 10. a4 b4 11. Bg5 a5 12. Bd5 Ba6 13. c4 Qd7 14. Bxc6 Qxc6 15. Nbd2
exd4 16. Nxd4 Qc5 17. Be3 Qe5 18. f3 Qe8 19. Qf2 Nd7 20. Rad1 Ne5 21. b3 c6 22.
Qe2 Qd7 23. h3 Qb7 24. f4 Nd7 25. f5 d5 26. exd5 cxd5 27. fxg6 hxg6 28. Nb5
dxc4 29. bxc4 Rad8 30. Nf3 Nb6 31. Ng5 Rxd1 32. Rxd1 Nxa4 33. Nd6 Qe7 34. Qf2
Nc3 35. Re1 Qxd6 36. Bc5 Qf6 37. Qh4 Bh6 38. Qxh6 Qg7 39. Bxf8 Kxf8 40. Nh7+
1-0

[Event "WJCC 2001"]
[Site "?"]
[Date "2001.??.??"]
[Round "13"]
[White "Malokas, N."]
[Black "Topel, Z."]
[Result "1/2-1/2"]
[WhiteElo "2000"]
[BlackElo "2000"]
[Annotator "G 13.26"]
[PlyCount "46"]
[EventDate "2001.??.??"]

1. d4 f5 2. g3 Nf6 3. Bg2 g6 4. c3 Bg7 5. Qb3 c6 6. Nd2 d5 7. Nh3 O-O 8. Nf3
Ne4 9. Nf4 Qe8 10. Nd3 Nd7 11. Bf4 h6 12. Be5 Nxe5 13. Nfxe5 Kh7 14. f3 Nd6 15.
O-O g5 16. Rae1 f4 17. g4 h5 18. h3 Rh8 19. e3 fxe3 20. Rxe3 Kg8 21. Qc2 Rh6
22. b3 b5 23. f4 Bf6 1/2-1/2

[Event "WJCC 2001"]
[Site "?"]
[Date "2001.??.??"]
[Round "13"]
[White "Breen, V."]
[Black "Farhat, S."]
[Result "0-1"]
[WhiteElo "2000"]
[BlackElo "2053"]
[Annotator "G 13.29"]
[PlyCount "66"]
[EventDate "2001.??.??"]

1. d4 d5 2. e3 Nf6 3. Bd3 g6 4. b3 Bg7 5. Bb2 O-O 6. Nd2 Nbd7 7. Ngf3 b6 8. O-O
Bb7 9. c4 c5 10. Rc1 Rc8 11. Bb1 e6 12. Ne5 cxd4 13. exd4 Nxe5 14. dxe5 Nd7 15.
f4 Ba6 16. Rf3 dxc4 17. Nxc4 Bxc4 18. bxc4 Nc5 19. Qe2 Qc7 20. Rh3 f6 21. Qc2
f5 22. g4 Rcd8 23. Ba3 Rf7 24. gxf5 exf5 25. Qe2 Qc6 26. Re1 Ne6 27. Bc1 Rd4
28. Rd3 Nxf4 29. Bxf4 Rxf4 30. Rd8+ Rf8 31. Rxf8+ Bxf8 32. h3 Bc5+ 33. Kh2 Rf2+
0-1

[Event "WJCC 2001"]
[Site "?"]
[Date "2001.??.??"]
[Round "13"]
[White "Kopinits, A."]
[Black "Dritsoula, E."]
[Result "0-1"]
[WhiteElo "2000"]
[BlackElo "2000"]
[Annotator "G 13.30"]
[PlyCount "72"]
[EventDate "2001.??.??"]

1. e4 e5 2. Nf3 Nc6 3. d4 exd4 4. Bc4 Be7 5. O-O d6 6. Nxd4 Nxd4 7. Qxd4 Bf6 8.
Qd1 Ne7 9. Bf4 Bxb2 10. Nd2 Bxa1 11. Qxa1 O-O 12. Rb1 Ng6 13. Bg3 Qe7 14. Re1
Ne5 15. Bb3 Bd7 16. Kh1 Bc6 17. f4 Ng6 18. e5 dxe5 19. f5 Nh4 20. Rxe5 Qg5 21.
Ne4 Bxe4 22. Rxe4 Nxf5 23. Qf1 Nxg3+ 24. hxg3 Qxg3 25. Rf4 Qg6 26. Qf3 c6 27.
Rg4 Qh6+ 28. Kg1 Rae8 29. Re4 Rxe4 30. Qxe4 Qf6 31. Qb4 Re8 32. a4 Rd8 33. c3
b6 34. a5 c5 35. Qc4 bxa5 36. Qxc5 Qb6 0-1